| 000 | 01060cam a2200313 4500 | ||
|---|---|---|---|
| 999 |
_c57593 _d57593 |
||
| 001 | 3150239 | ||
| 005 | 20200810141509.0 | ||
| 008 | 740827s1975 nyua b 000 0 eng | ||
| 010 | _a 74005686 | ||
| 020 | _a0122960505 | ||
| 040 |
_aDLC _cDLC _dDLC |
||
| 041 | _aeng | ||
| 050 | 0 | 0 |
_aQA3 _b.P8 vol. 64 _aQA612.7 |
| 080 | _a515.1 -76 | ||
| 082 | 0 | 0 | _a514/.24 |
| 100 | 1 |
_aGray, Brayton. _99158 |
|
| 245 | 1 | 0 |
_aHomotopy theory: _ban introduction to algebraic topology. |
| 260 |
_aNew York, _bAcademic Press, _c1975. |
||
| 300 |
_axiii, 368 p. _billus. _c23 cm. |
||
| 490 | 1 | _aPure and applied mathematics, 64 | |
| 504 | _aBibliography: p. 360-362. | ||
| 650 | 0 |
_aHomotopy theory. _99159 |
|
| 653 | _a ჰომოტოპიის თეორია | ||
| 653 | _aმათემატიკა | ||
| 653 | _a ალგებრული ტოპოლოგიის შესავალი | ||
| 830 | 0 |
_aPure and applied mathematics (Academic Press) ; _v64. _99160 |
|
| 906 |
_a7 _bcbc _corignew _d1 _eocip _f19 _gy-gencatlg |
||
| 942 |
_2udc _cBK |
||